[Event "SV Waltrop 1 - SF Buer 1"]
[Site "Verbandsklasse, Gruppe 1 2017"]
[Date "2017.11.05"]
[Round "3.2"]
[White "Gasper, Joern"]
[Black "Wilbert, Siegfried"]
[Result "1/2-1/2"]
[WhiteElo "2013"]
[BlackElo "1992"]
[PlyCount "123"]
[EventDate "2017.??.??"]

1. d4 Nf6 2. Bf4 d5 3. e3 Bf5 4. c4 c6 5. Qb3 Nbd7 6. Nc3 Qb6 7. c5 Qxb3 8.
axb3 Nh5 9. Bc7 e5 10. dxe5 Nxc5 11. h3 Nxb3 12. Ra4 Kd7 13. Bb6 Bc5 14. Bxc5
Nxc5 15. Ra1 Rhe8 16. g4 Rxe5 17. gxf5 Rxf5 18. Be2 Kc7 19. Nf3 g6 20. h4 Ng7
21. Nd4 Re5 22. b4 Nd7 23. Kd2 h5 24. Rhg1 Nf5 25. Nxf5 Rxf5 26. f4 d4 27. exd4
Rxf4 28. Kd3 Rxh4 29. Raf1 Rh3+ 30. Kc2 Re8 31. Bc4 Ree3 32. Nd1 Rh2+ 33. Kb1
Re4 34. Rxf7 Rxd4 35. Be6 Rxb4+ 36. Kc1 Rd4 37. Rxg6 Rh1 38. Rxd7+ Rxd7 39.
Bxd7 Kxd7 40. Rg7+ Kc8 41. Kd2 a5 42. Nf2 Ra1 43. Rh7 a4 44. Rxh5 b5 45. Kc3
Kc7 46. Nd3 Kb6 47. Rh6 Rg1 48. Ne5 Rg3+ 49. Kb2 b4 50. Nxc6 Rg2+ 51. Kb1 b3
52. Nd4+ Kc5 53. Nxb3+ axb3 54. Rh4 Kb5 55. Rf4 Rc2 56. Rh4 Rc4 57. Rxc4 Kxc4
58. Kb2 Kb4 59. Kb1 Kc3 60. Kc1 Kd3 61. Kb2 Kc4 62. Kb1 1/2-1/2

[Event "SV Waltrop 1 - SF Buer 1"]
[Site "Verbandsklasse, Gruppe 1 2017"]
[Date "2017.11.05"]
[Round "3.3"]
[White "Schorra, Helmut"]
[Black "Eckert, Marius"]
[Result "1/2-1/2"]
[WhiteElo "2047"]
[BlackElo "2004"]
[PlyCount "38"]
[EventDate "2017.??.??"]

1. e4 e5 2. Nf3 Nf6 3. Nxe5 d6 4. Nf3 Nxe4 5. Nc3 Nxc3 6. dxc3 Be7 7. Be3 Nc6
8. Qd2 Be6 9. Be2 h6 10. Nd4 Nxd4 11. cxd4 d5 12. c3 c6 13. a4 Qd7 14. b4 O-O
15. O-O Bd6 16. Bf4 Bf5 17. Bxd6 Qxd6 18. Bd3 Bxd3 19. Qxd3 Rfe8 1/2-1/2

[Event "SV Waltrop 1 - SF Buer 1"]
[Site "Verbandsklasse, Gruppe 1 2017"]
[Date "2017.11.05"]
[Round "3.4"]
[White "Drewes, Martin"]
[Black "Andersen, Knut"]
[Result "1-0"]
[WhiteElo "1944"]
[BlackElo "1970"]
[Annotator "Daniel"]
[PlyCount "115"]
[EventDate "2017.??.??"]

1. e4 c5 2. c3 Nf6 3. e5 Nd5 4. d4 cxd4 5. Nf3 Nc6 6. cxd4 e6 7. Nc3 Nxc3 8.
bxc3 d5 9. Bd3 Be7 10. Qc2 h6 11. Rb1 O-O 12. O-O b6 13. Ne1 Na5 14. f4 Nc4 15.
Qe2 Qc7 16. Rf3 Bd7 17. Bc2 Na3 18. Bxa3 Bxa3 19. Qd3 g6 20. Rg3 Be8 21. c4 Be7
22. cxd5 exd5 23. f5 Bh4 24. Rh3 Bg5 25. Nf3 Rc8 26. Bb3 Bd7 27. e6 fxe6 28.
fxe6 Be8 29. Bxd5 Rf5 30. Bb3 Bb5 31. Qe4 Bc6 32. d5 Bxd5 33. Bxd5 Qc5+ 34. Kf1
Qxd5 35. Qxd5 Rxd5 36. Nxg5 hxg5 37. Re1 $11 Kg7 38. Ra3 a5 39. Rae3 Re8 40.
Rc3 Re7 41. Re4 b5 42. a3 Kf6 43. Rce3 Rd6 44. Rf3+ Kg7 45. Rb3 Rd5 46. Rbe3
Kf8 47. Re5 Rxe5 48. Rxe5 Rb7 49. Rxg5 b4 50. axb4 axb4 51. Rxg6 b3 52. e7+ Kf7
53. Rg7+ Kxg7 54. e8=Q b2 55. Qe5+ Kg8 56. Qg5+ Kf8 57. Qh6+ Rg7 58. Qb6 1-0

[Event "SV Waltrop 1 - SF Buer 1"]
[Site "Verbandsklasse, Gruppe 1 2017"]
[Date "2017.11.05"]
[Round "3.5"]
[White "Kreitling, Oliver"]
[Black "Dunsche, Daniel"]
[Result "0-1"]
[WhiteElo "1805"]
[BlackElo "1872"]
[PlyCount "94"]
[EventDate "2017.??.??"]

1. d4 Nf6 2. c4 c5 3. d5 b5 4. cxb5 a6 5. bxa6 Bxa6 6. Nc3 d6 7. Nf3 Nbd7 8. e4
Bxf1 9. Kxf1 g6 10. Qe2 Bg7 11. g3 O-O 12. Kg2 Qa5 13. Bd2 Rfb8 14. Nd1 Qa4 15.
Bc3 Qxe4 16. Qxe4 Nxe4 17. Bxg7 Kxg7 18. Re1 f5 19. Ng5 Ndf6 20. Nxe4 fxe4 21.
Re2 Nxd5 22. Rxe4 Kf7 23. a3 Rb3 24. Rc1 Rab8 25. Rc2 Nc7 26. Re3 e5 27. Rd2
Ke6 28. Rxb3 Rxb3 29. Nc3 d5 30. f3 c4 31. Kf2 Rb8 32. Ke2 Rb6 33. Kd1 Rd6 34.
Kc1 Na6 35. Na4 d4 36. b3 c3 37. Rd3 Rc6 38. b4 Nc7 39. Nc5+ Kd5 40. Nb3 Ra6
41. Na5 Nb5 42. a4 Nd6 43. Kc2 Nc4 44. Nxc4 Kxc4 45. a5 Kxb4 46. f4 Rxa5 47.
fxe5 Kc4 0-1

[Event "SV Waltrop 1 - SF Buer 1"]
[Site "Verbandsklasse, Gruppe 1 2017"]
[Date "2017.11.05"]
[Round "3.6"]
[White "Breidenbach, Rolf"]
[Black "Ebert, Manfred"]
[Result "0-1"]
[WhiteElo "1861"]
[BlackElo "1900"]
[PlyCount "94"]
[EventDate "2017.??.??"]

1. d4 Nf6 2. Bf4 g6 3. Nc3 d5 4. Qd2 Bg7 5. Bh6 O-O 6. h4 c5 7. Bxg7 Kxg7 8. h5
cxd4 9. hxg6 dxc3 10. Qh6+ Kg8 11. gxh7+ Kh8 12. bxc3 Bf5 13. g4 Nxg4 14. Qd2
Nc6 15. Bh3 e6 16. Nf3 Qf6 17. Rb1 b6 18. Rg1 Nge5 19. Nxe5 Qxe5 20. Bxf5 Qxf5
21. Qh6 Qe5 22. Kd2 Ne7 23. Rg8+ Rxg8 24. hxg8=Q+ Kxg8 25. Rg1+ Ng6 26. f4 Qf6
27. Qh2 Kf8 28. Rf1 Rc8 29. Rf3 Rc4 30. f5 Nh4 31. Qb8+ Kg7 32. Rg3+ Kh6 33.
fxe6 fxe6 34. Re3 Nf5 35. Rh3+ Nh4 36. Re3 Nf5 37. Rh3+ Rh4 38. Rxh4+ Nxh4 39.
Qxa7 Qf4+ 40. Kd1 Qe3 41. Qf7 Ng6 42. Qf6 Qg1+ 43. Kd2 Qg5+ 44. Qxg5+ Kxg5 45.
Kd3 Ne5+ 46. Kd4 Kf5 47. c4 dxc4 0-1

[Event "SV Waltrop 1 - SF Buer 1"]
[Site "Verbandsklasse, Gruppe 1 2017"]
[Date "2017.11.05"]
[Round "3.7"]
[White "Seppelfricke, Guido"]
[Black "Sehrbrock, Christoph"]
[Result "0-1"]
[WhiteElo "1790"]
[BlackElo "1808"]
[PlyCount "150"]
[EventDate "2017.??.??"]

1. e4 c6 2. d4 d5 3. Nc3 dxe4 4. Nxe4 Bf5 5. Ng3 Bg6 6. Nf3 Nd7 7. Bd3 e6 8.
Bxg6 hxg6 9. Qd3 Ngf6 10. Bg5 Qa5+ 11. c3 Bd6 12. Ne4 Nxe4 13. Qxe4 Nf6 14. Qe2
Qd5 15. Bxf6 gxf6 16. h3 g5 17. Rg1 O-O-O 18. a3 Rde8 19. O-O-O Qa2 20. Qc2 Kb8
21. Qb1 Qd5 22. Qc2 Rc8 23. Kb1 Rcg8 24. Nd2 f5 25. b4 Bc7 26. f3 g4 27. hxg4
fxg4 28. Ne4 Qf5 29. Rgf1 Rg7 30. Rf2 g3 31. Re2 Rgh7 32. Kb2 Rh1 33. Rxh1 Rxh1
34. Qd2 Bf4 35. Qc2 Bc1+ 36. Ka2 Bf4 37. Nc5 Qd5+ 38. Qb3 Qf5 39. b5 Qd5 40.
bxc6 Qxb3+ 41. Kxb3 bxc6 42. Rb2 Kc8 43. Kc4 Bd6 44. Ne4 Kc7 45. Kd3 Ra1 46.
Ng5 Bxa3 47. Re2 Bd6 48. Nxf7 Kd7 49. Ng5 a5 50. Nxe6 Rd1+ 51. Kc4 Rf1 52. Ng5
Rf2 53. Kd3 a4 54. Ne4 Rxe2 55. Kxe2 a3 56. Nd2 a2 57. Nb3 Ba3 58. Kd2 Bb2 59.
Kd3 a1=Q 60. Nxa1 Bxa1 61. c4 Bb2 62. Ke4 Bc3 63. Kf4 Be1 64. Ke5 Bc3 65. Ke4
Ke7 66. f4 Kf6 67. c5 Ke6 68. f5+ Kf6 69. Kd3 Be1 70. Ke4 Bd2 71. Kd3 Ba5 72.
Ke4 Bb4 73. Kf3 Kxf5 74. Kxg3 Ke4 75. Kf2 Kxd4 0-1

[Event "SV Waltrop 1 - SF Buer 1"]
[Site "Verbandsklasse, Gruppe 1 2017"]
[Date "2017.11.05"]
[Round "3.8"]
[White "Schwammbach, Frank"]
[Black "Uebing, Burkhart"]
[Result "1-0"]
[WhiteElo "1781"]
[BlackElo "1617"]
[PlyCount "51"]
[EventDate "2017.??.??"]

1. d4 Nf6 2. c4 e6 3. a3 c5 4. d5 exd5 5. cxd5 d6 6. Nc3 Bf5 7. Nf3 Be7 8. e3
O-O 9. Bd3 Qc8 10. e4 Bg6 11. O-O Nbd7 12. Qc2 c4 13. Be2 Nb6 14. Nh4 Ng4 15.
Nxg6 hxg6 16. h3 Nh6 17. Be3 f5 18. f3 f4 19. Bf2 Nf7 20. Nb5 a6 21. Nxd6 Bxd6
22. Bxb6 Ne5 23. Bd4 Bc5 24. Qc3 Re8 25. Kh2 b5 26. Bxe5 1-0

[Event "DJK Wacker Bergeborbeck 1 - SW Oberhaus"]
[Site "Verbandsklasse, Gruppe 1 2017"]
[Date "2017.11.05"]
[Round "3.1"]
[White "Puetter, Pascal"]
[Black "Landscheidt, Heinz"]
[Result "1-0"]
[WhiteElo "1972"]
[BlackElo "1852"]
[PlyCount "83"]
[EventDate "2017.??.??"]

1. d4 Nf6 2. c4 e6 3. g3 c5 4. d5 exd5 5. cxd5 d6 6. Bg2 g6 7. Nc3 Bg7 8. Nf3
O-O 9. O-O Re8 10. Bf4 a6 11. a4 h6 12. Qc1 g5 13. Bd2 Bf5 14. h4 g4 15. Nh2
Kh7 16. f3 gxf3 17. Bxf3 Bh3 18. Qc2+ Kh8 19. Bg2 Bxg2 20. Kxg2 Qe7 21. Rf4
Nbd7 22. Raf1 Nf8 23. Rf5 N8h7 24. Qc1 b5 25. Bxh6 Qf8 26. Rxf6 Nxf6 27. Rxf6
b4 28. Ng4 bxc3 29. Bxg7+ Qxg7 30. Rh6+ Kg8 31. Nf6+ Kf8 32. Nxe8 Rxe8 33. bxc3
Rxe2+ 34. Kf3 Rh2 35. Rh5 Qf6+ 36. Kg4 Qg6+ 37. Qg5 Qe4+ 38. Qf4 Qe2+ 39. Kg5
Qe7+ 40. Kh6 f6 41. Rg5 Re2 42. Rg6 1-0

[Event "DJK Wacker Bergeborbeck 1 - SW Oberhaus"]
[Site "Verbandsklasse, Gruppe 1 2017"]
[Date "2017.11.05"]
[Round "3.2"]
[White "Dahlhaus, Friedhelm"]
[Black "Hortolani, Sven-Holger"]
[Result "0-1"]
[WhiteElo "1969"]
[BlackElo "2083"]
[PlyCount "74"]
[EventDate "2017.??.??"]

1. e4 e6 2. d4 d5 3. Nd2 dxe4 4. Nxe4 Nd7 5. Nf3 Ngf6 6. Bg5 Be7 7. Nxf6+ Bxf6
8. Bxf6 Nxf6 9. Bd3 O-O 10. O-O b6 11. c3 Bb7 12. Re1 c5 13. dxc5 bxc5 14. Qe2
Qc7 15. Rad1 Rad8 16. Ne5 Bd5 17. Bb1 Bb7 18. f3 Rd5 19. c4 Rdd8 20. f4 Rxd1
21. Rxd1 Rd8 22. Kf2 Rd4 23. Rxd4 cxd4 24. b4 Qb6 25. c5 Qxb4 26. Qd3 Be4 27.
Qa6 Qd2+ 28. Kf1 Qxg2+ 29. Ke1 Qg1+ 30. Ke2 Qxh2+ 31. Ke1 Qg1+ 32. Ke2 Qe3+ 33.
Kd1 g6 34. Qc8+ Kg7 35. Qc7 Bf3+ 36. Nxf3 Qxf3+ 37. Kc1 Qc3+ 0-1

[Event "DJK Wacker Bergeborbeck 1 - SW Oberhaus"]
[Site "Verbandsklasse, Gruppe 1 2017"]
[Date "2017.11.05"]
[Round "3.3"]
[White "Schwerdtfeger, Joachim"]
[Black "Grodotzki, Thomas"]
[Result "1/2-1/2"]
[WhiteElo "1858"]
[BlackElo "1941"]
[PlyCount "51"]
[EventDate "2017.??.??"]

1. e4 d5 2. exd5 Nf6 3. d4 Qxd5 4. Nf3 Bg4 5. Be2 e6 6. O-O Be7 7. h3 Bh5 8. c4
Qd8 9. Nc3 c6 10. Bf4 O-O 11. Qb3 Qb6 12. Rad1 Qxb3 13. axb3 Bg6 14. Rc1 Nbd7
15. Ne5 Nxe5 16. Bxe5 Rfd8 17. Rfd1 Nd7 18. Bc7 Rdc8 19. Bf4 Nf6 20. Bf3 Bb4
21. g4 h6 22. Na2 Be7 23. Nc3 Bb4 24. Na2 Be7 25. Nc3 Bb4 26. Na2 1/2-1/2

[Event "DJK Wacker Bergeborbeck 1 - SW Oberhaus"]
[Site "Verbandsklasse, Gruppe 1 2017"]
[Date "2017.11.05"]
[Round "3.4"]
[White "Mombeck, Michael"]
[Black "Matthes, Severin Johannes"]
[Result "1-0"]
[WhiteElo "1970"]
[BlackElo "1822"]
[Annotator "Daniel"]
[PlyCount "101"]
[EventDate "2017.??.??"]

1. e4 c5 2. Nc3 e6 3. d3 Nc6 4. g3 Nf6 5. Bg2 Be7 6. Nf3 d6 7. O-O O-O 8. Re1
Rb8 9. e5 Nd7 10. exd6 Bxd6 11. Ne4 Be7 12. d4 cxd4 13. Nxd4 e5 14. Nf5 Nf6 15.
Nxe7+ Qxe7 16. Bg5 Bf5 17. Bxf6 gxf6 18. c3 Rbd8 19. Qf3 Bxe4 20. Rxe4 Qe6 21.
Rh4 f5 22. Bh3 Ne7 23. Rh5 Rd5 24. Bxf5 Nxf5 25. Qxf5 Qxf5 26. Rxf5 f6 27. f4
Rd2 28. fxe5 fxe5 29. Rxf8+ Kxf8 30. Rf1+ Ke7 31. Rf2 Rd3 32. Kf1 Re3 33. Re2
Rf3+ 34. Ke1 Ke6 35. Rf2 Rd3 36. Rf8 Rd7 $11 37. Ke2 Rd6 38. Rh8 Rd7 39. Ke3
Rg7 40. Re8+ Kd5 41. Rb8 Rc7 42. Kd3 e4+ 43. Ke3 Re7 44. Rd8+ Ke5 45. Rd4 Kf5
46. h3 Re6 47. g4+ Kg5 48. Rxe4 Rh6 49. Re5+ Kh4 50. Kf4 Kxh3 51. g5 1-0

[Event "DJK Wacker Bergeborbeck 1 - SW Oberhaus"]
[Site "Verbandsklasse, Gruppe 1 2017"]
[Date "2017.11.05"]
[Round "3.5"]
[White "Kuckelkorn, Joerg"]
[Black "Brandhorst, Dieter"]
[Result "0-1"]
[WhiteElo "1831"]
[BlackElo "1907"]
[PlyCount "48"]
[EventDate "2017.??.??"]

1. f4 Nf6 2. Nf3 d5 3. g3 Bg4 4. Bg2 Bxf3 5. Bxf3 c5 6. d3 Nc6 7. O-O e6 8. Nc3
g6 9. Bd2 Bg7 10. e4 d4 11. Ne2 O-O 12. g4 Nd7 13. Ng3 Qb6 14. Rb1 c4 15. a3
cxd3 16. cxd3 Nc5 17. Be1 Qb5 18. b4 Na4 19. Ne2 Rac8 20. e5 Rfd8 21. Be4 Ne7
22. Qb3 Nc6 23. Bf2 Nc3 24. Bxc6 Nxe2+ 0-1

[Event "DJK Wacker Bergeborbeck 1 - SW Oberhaus"]
[Site "Verbandsklasse, Gruppe 1 2017"]
[Date "2017.11.05"]
[Round "3.6"]
[White "Schaedlich, Andreas"]
[Black "Matthies, Jochen"]
[Result "1/2-1/2"]
[WhiteElo "1864"]
[BlackElo "1785"]
[PlyCount "57"]
[EventDate "2017.??.??"]

1. e4 d6 2. Bc4 Nd7 3. Nf3 Ngf6 4. d3 h6 5. Nbd2 e5 6. Nf1 c6 7. Ne3 b5 8. Bb3
Nc5 9. c3 Nxb3 10. Qxb3 Be6 11. Qc2 Be7 12. d4 Qc7 13. Bd2 O-O 14. O-O Rfe8 15.
Rad1 Rad8 16. Bc1 Ng4 17. Rfe1 Nxe3 18. Rxe3 Bg4 19. h3 Bh5 20. Rde1 Bg6 21.
Qe2 Bf6 22. Rd1 a6 23. b3 Qe7 24. Re1 Bg5 25. Nxg5 Qxg5 26. Rg3 Qf6 27. dxe5
Rxe5 28. Re3 Rde8 29. f3 1/2-1/2

[Event "DJK Wacker Bergeborbeck 1 - SW Oberhaus"]
[Site "Verbandsklasse, Gruppe 1 2017"]
[Date "2017.11.05"]
[Round "3.7"]
[White "Kyas, Jens-Stefan"]
[Black "Alinsug, Salvadore"]
[Result "1-0"]
[WhiteElo "1765"]
[BlackElo "1774"]
[PlyCount "53"]
[EventDate "2017.??.??"]

1. f4 e6 2. Nf3 Nc6 3. e3 d5 4. d4 Nf6 5. c3 Be7 6. Bd3 Bd7 7. Nbd2 h6 8. O-O
O-O 9. Ne5 Be8 10. e4 dxe4 11. Nxe4 Nxe4 12. Bxe4 Bf6 13. Rf3 Rb8 14. Rh3 Ne7
15. g4 Bxe5 16. fxe5 Ng6 17. g5 f5 18. gxf6 gxf6 19. Bxg6 Bxg6 20. Bxh6 f5 21.
Bxf8 Qxf8 22. Qd2 Qe7 23. Qh6 Kf7 24. Qh4 Rf8 25. Qxe7+ Kxe7 26. Kf2 f4 27. Rg1
1-0

[Event "DJK Wacker Bergeborbeck 1 - SW Oberhaus"]
[Site "Verbandsklasse, Gruppe 1 2017"]
[Date "2017.11.05"]
[Round "3.8"]
[White "Grimke, Michael"]
[Black "Heintze, Sven"]
[Result "1/2-1/2"]
[WhiteElo "1705"]
[BlackElo "1655"]
[PlyCount "66"]
[EventDate "2017.??.??"]

1. d4 d6 2. e4 Nf6 3. Nc3 c6 4. f4 Qa5 5. Bd2 e5 6. Nd5 Qd8 7. Nxf6+ Qxf6 8.
dxe5 dxe5 9. Qf3 Bc5 10. Bc3 Qxf4 11. Qxf4 exf4 12. Bxg7 Rg8 13. Be5 Be6 14. a3
Nd7 15. Bxf4 Nf6 16. Bd3 Rxg2 17. O-O-O O-O-O 18. Ne2 Nh5 19. Kb1 Rxe2 20. Bg5
Rxd3 21. cxd3 Bd4 22. Rd2 Rxd2 23. Bxd2 Kc7 24. Kc2 b6 25. Bc3 Bxc3 26. Kxc3
Nf6 27. b4 a6 28. Kd4 h5 29. h4 Ng4 30. Rc1 Kd6 31. Re1 f6 32. Rf1 Bd7 33. Rc1
Be6 1/2-1/2

[Event "SV Wattenscheid 3 - SG Drewer 1"]
[Site "Verbandsklasse, Gruppe 1 2017"]
[Date "2017.11.05"]
[Round "3.1"]
[White "Mittmann, Volker"]
[Black "Wolf, Ulrich"]
[Result "0-1"]
[WhiteElo "1914"]
[BlackElo "2050"]
[Annotator "Daniel"]
[PlyCount "72"]
[EventDate "2017.??.??"]

1. e4 c5 2. Nf3 e6 3. d4 cxd4 4. Nxd4 a6 5. Be2 Qc7 6. O-O Nf6 7. Bf3 d6 8. Nc3
Nbd7 9. g3 Be7 10. Bg2 O-O 11. f4 Rb8 12. a4 b6 13. Be3 Bb7 14. Qe2 Rbc8 15. h3
Qb8 16. Bf2 Qa8 17. Rae1 Rfe8 18. g4 g6 19. Bg3 Nc5 20. Bf3 d5 21. exd5 exd5
22. Qg2 Bf8 23. f5 Nfe4 24. fxg6 hxg6 25. Nce2 Bg7 26. Rd1 Nxa4 27. b3 Nac3 28.
Nxc3 Rxc3 29. Bxe4 dxe4 30. Qf2 Bxd4 31. Rxd4 Rf3 32. Qe1 e3 33. Rxf3 Bxf3 34.
Rf4 Qd5 35. c4 Qd1 36. g5 Rd8 {ZAo} 0-1

[Event "SV Wattenscheid 3 - SG Drewer 1"]
[Site "Verbandsklasse, Gruppe 1 2017"]
[Date "2017.11.05"]
[Round "3.2"]
[White "Thelen, Thomas"]
[Black "Arnold, Ulrich"]
[Result "1-0"]
[WhiteElo "1990"]
[BlackElo "1863"]
[PlyCount "47"]
[EventDate "2017.??.??"]

1. d4 Nf6 2. c4 e6 3. Nf3 d5 4. cxd5 exd5 5. Bg5 Be7 6. Nc3 c6 7. Qc2 O-O 8. e3
Nbd7 9. Bd3 Re8 10. O-O Nf8 11. Rae1 Ne4 12. Bxe7 Qxe7 13. Bxe4 dxe4 14. Nd2
Bf5 15. f3 Bg6 16. fxe4 Qh4 17. Qb3 Re7 18. Nf3 Qh5 19. Ne5 Ne6 20. Nxg6 Qxg6
21. Rf3 Ng5 22. Rg3 Qh5 23. e5 Qh4 24. Rf1 1-0

[Event "SV Wattenscheid 3 - SG Drewer 1"]
[Site "Verbandsklasse, Gruppe 1 2017"]
[Date "2017.11.05"]
[Round "3.3"]
[White "Uhlich, Wilfried"]
[Black "Sicars, Thorsten"]
[Result "1/2-1/2"]
[WhiteElo "1806"]
[BlackElo "1919"]
[PlyCount "51"]
[EventDate "2017.??.??"]

1. d4 c6 2. c4 d5 3. cxd5 cxd5 4. Nf3 Nc6 5. Nc3 Nf6 6. Bf4 a6 7. e3 Bg4 8. Be2
e6 9. O-O Bd6 10. Bxd6 Qxd6 11. Rc1 O-O 12. Na4 Ne4 13. a3 Rac8 14. b4 f5 15.
Nc5 Rc7 16. Nd2 Bxe2 17. Qxe2 Nxd2 18. Qxd2 Nb8 19. Nd3 Rfc8 20. Rxc7 Rxc7 21.
Rc1 Nd7 22. Rc3 Rc4 23. Nb2 Rc6 24. Qc1 Nb8 25. Rxc6 Nxc6 26. Qc5 1/2-1/2

[Event "SV Wattenscheid 3 - SG Drewer 1"]
[Site "Verbandsklasse, Gruppe 1 2017"]
[Date "2017.11.05"]
[Round "3.4"]
[White "Zwielich, Frank"]
[Black "Schaefer, Martin"]
[Result "1-0"]
[WhiteElo "1949"]
[BlackElo "1768"]
[PlyCount "79"]
[EventDate "2017.??.??"]

1. d4 d5 2. Nf3 Nf6 3. Bf4 Bf5 4. c4 e6 5. Qb3 b6 6. e3 Be4 7. Nc3 Bd6 8. Ne5
O-O 9. f3 dxc4 10. Bxc4 Bb7 11. O-O-O Nc6 12. Bxe6 Na5 13. Bxf7+ Kh8 14. Qc2
Qe7 15. Bg6 Bxe5 16. dxe5 hxg6 17. exf6 Qxf6 18. Rd7 g5 19. Bxc7 Qe6 20. Qd3
Rae8 21. e4 Bc8 22. Rd5 Qf7 23. Bd6 Rg8 24. Rxg5 Re6 25. Bg3 g6 26. Kb1 Nc6 27.
Nd5 Rd8 28. Rc1 Kh7 29. Qc3 Ba6 30. Rg4 Kg8 31. Rh4 Qg7 32. Rf4 Nd4 33. Qa3 Rc8
34. Qxa6 Rxc1+ 35. Kxc1 Rc6+ 36. Kd1 Nb3 37. Nf6+ Rxf6 38. Qc8+ Rf8 39. Qxf8+
Qxf8 40. Rxf8+ 1-0

[Event "SV Wattenscheid 3 - SG Drewer 1"]
[Site "Verbandsklasse, Gruppe 1 2017"]
[Date "2017.11.05"]
[Round "3.5"]
[White "Schaepers, Lars"]
[Black "Pustelny-Conrad, Dieter"]
[Result "1-0"]
[WhiteElo "1715"]
[BlackElo "1942"]
[PlyCount "101"]
[EventDate "2017.??.??"]

1. d4 Nf6 2. Nf3 c5 3. e3 b6 4. c4 Bb7 5. Nc3 d6 6. Be2 g6 7. O-O Bg7 8. d5 O-O
9. Qc2 e6 10. e4 exd5 11. exd5 a6 12. a4 Nh5 13. Bd2 Nd7 14. Rfe1 Ne5 15. Nxe5
Bxe5 16. Bxh5 gxh5 17. Qf5 Qh4 18. g3 Qg4 19. Qxg4+ hxg4 20. Re2 Kg7 21. Rae1
Rae8 22. Bf4 f6 23. Bxe5 Rxe5 24. Rxe5 dxe5 25. Rb1 a5 26. Nb5 Rf7 27. Re1 Ba6
28. Re4 h5 29. Kg2 Bxb5 30. axb5 Kg6 31. b3 Kf5 32. Re3 e4 33. Kf1 Ke5 34. Ke2
Ra7 35. Kd2 Rh7 36. Re1 h4 37. Ke3 hxg3 38. hxg3 f5 39. Rd1 Rh6 40. Rd2 Rd6 41.
Rd1 Rf6 42. Rh1 f4+ 43. gxf4+ Rxf4 44. Rh5+ Rf5 45. Rxf5+ Kxf5 46. d6 Ke6 47.
Kxe4 Kxd6 48. Kf5 Kd7 49. Kxg4 Ke6 50. Kf4 Kf6 51. Ke4 1-0

[Event "SV Wattenscheid 3 - SG Drewer 1"]
[Site "Verbandsklasse, Gruppe 1 2017"]
[Date "2017.11.05"]
[Round "3.6"]
[White "Thon, Manfred"]
[Black "Pennig, Felix"]
[Result "1-0"]
[WhiteElo "1864"]
[BlackElo "1704"]
[PlyCount "77"]
[EventDate "2017.??.??"]

1. d4 Nf6 2. c4 e6 3. Nc3 Bb4 4. Qc2 c5 5. dxc5 Na6 6. Bd2 Nxc5 7. Nf3 O-O 8.
a3 Bxc3 9. Bxc3 h6 10. e3 b6 11. Nd2 Bb7 12. f3 d5 13. b4 Ncd7 14. Qb2 Re8 15.
Be2 e5 16. cxd5 Nxd5 17. e4 Nxc3 18. Qxc3 Rc8 19. Qb2 Qg5 20. Kf2 Nf8 21. Nc4
Re6 22. Ne3 Rec6 23. Rac1 Ne6 24. Rxc6 Rxc6 25. g3 Nd4 26. h4 Qd8 27. Rc1 Qc8
28. Rxc6 Qxc6 29. Bc4 Qf6 30. Be2 Ba6 31. Nd5 Bxe2 32. Nxf6+ gxf6 33. f4 Bb5
34. Ke3 a5 35. bxa5 bxa5 36. Qc3 a4 37. Qc8+ Kg7 38. Qg4+ Kf8 39. Kd2 1-0

[Event "SV Wattenscheid 3 - SG Drewer 1"]
[Site "Verbandsklasse, Gruppe 1 2017"]
[Date "2017.11.05"]
[Round "3.7"]
[White "Mittmann, Sebastian"]
[Black "Doehmann, Joerg"]
[Result "1/2-1/2"]
[WhiteElo "1627"]
[BlackElo "1744"]
[PlyCount "53"]
[EventDate "2017.??.??"]

1. d4 d5 2. Nf3 Nf6 3. e3 e6 4. b3 Be7 5. Bb2 O-O 6. Bd3 b6 7. O-O Bb7 8. Nbd2
Nbd7 9. Rc1 c5 10. c4 cxd4 11. exd4 Rc8 12. Bb1 Rc7 13. Ne5 Qa8 14. Ndf3 h6 15.
Nxd7 Nxd7 16. Qd3 Nf6 17. c5 Rfc8 18. Ne5 bxc5 19. dxc5 Rxc5 20. Rxc5 Bxc5 21.
Ng4 Ne4 22. Kh1 f5 23. f3 fxg4 24. fxe4 dxe4 25. Qd7 Bf8 26. Rxf8+ Kxf8 27.
Ba3+ 1/2-1/2

[Event "SV Wattenscheid 3 - SG Drewer 1"]
[Site "Verbandsklasse, Gruppe 1 2017"]
[Date "2017.11.05"]
[Round "3.8"]
[White "Hielscher, Klaus-Peter"]
[Black "Ritter, Wolfgang"]
[Result "1/2-1/2"]
[WhiteElo "1695"]
[BlackElo "1477"]
[PlyCount "66"]
[EventDate "2017.??.??"]

1. Nf3 d6 2. g3 Nf6 3. Bg2 e5 4. d3 Be7 5. c4 Nbd7 6. O-O O-O 7. Nc3 Rb8 8. b4
c6 9. a4 a5 10. bxa5 Qxa5 11. Bd2 Qd8 12. Qc2 Re8 13. Rfb1 Bf8 14. Ra2 Nc5 15.
Rab2 e4 16. dxe4 Nfxe4 17. Nxe4 Nxe4 18. Be3 c5 19. Nd2 Nxd2 20. Qxd2 Bf5 21.
Rd1 Qd7 22. a5 Be4 23. f3 Bc6 24. Bxc5 Qe6 25. Bf2 Qxc4 26. e4 Qe6 27. Rb6 Ra8
28. Bf1 Qd7 29. Rc1 Rec8 30. Rd1 Re8 31. Bc4 Be7 32. Bf1 Bd8 33. Rbb1 Rxa5
1/2-1/2

[Event "SV Rochade Eving 1 - SV Welper 2"]
[Site "Verbandsklasse, Gruppe 1 2017"]
[Date "2017.11.05"]
[Round "3.1"]
[White "Marx, Patrick"]
[Black "Kleibaumhueter, Klaus"]
[Result "0-1"]
[WhiteElo "1953"]
[BlackElo "2086"]
[Annotator "Daniel"]
[PlyCount "154"]
[EventDate "2017.??.??"]

1. d4 d5 2. Nf3 Nf6 3. Bf4 c5 4. e3 Nc6 5. c3 Qb6 6. Qb3 c4 7. Qxb6 axb6 8. Na3
Ra5 9. Bc7 Nd7 10. Nc2 Ra8 11. g3 b5 12. a3 Nf6 13. Bg2 Bf5 14. Rc1 Rc8 15. Bf4
e6 16. Nd2 h6 17. f3 g5 18. e4 Bg6 19. Be3 e5 20. O-O Be7 21. Bf2 Rd8 22. Rfe1
dxe4 23. fxe4 Ng4 24. d5 Nxf2 25. Kxf2 O-O 26. g4 Na5 27. Rf1 Kg7 28. Ke2 b6
29. Nb4 Rh8 30. Rh1 Rd6 31. Rcf1 $11 Rdd8 32. Rd1 Ra8 33. Rc1 Bd6 34. Ke3 Nb7
35. Ke2 Nc5 36. Ke3 h5 37. h3 hxg4 38. hxg4 Rxh1 39. Rxh1 Na4 40. Rb1 Rh8 41.
Kf2 Rh4 42. Kg3 Rh8 43. Kf2 Bc5+ 44. Kf3 Rh4 45. Na6 Bd6 46. Nf1 Rh8 47. Ne3
Ra8 48. Nb4 Nc5 49. Nf5+ Bxf5 50. exf5 Rh8 51. Nc6 e4+ 52. Kf2 Bf4 53. Rh1 Re8
54. Nd4 Nd3+ 55. Ke2 Nc1+ 56. Ke1 Bg3+ 57. Kd1 Nd3 58. Ke2 Nf2 59. Rh5 Nd3 60.
f6+ Kxf6 61. Rh6+ Ke5 62. Rxb6 Nf4+ 63. Kf1 Nxd5 64. Rxb5 Bf4 65. Nf5 Rd8 66.
Ne7 Ke6 67. Nxd5 Rxd5 68. Rb7 Rd1+ 69. Ke2 Rd2+ 70. Kf1 e3 71. Rb6+ Ke7 72. Bf3
Rf2+ 73. Ke1 Rxf3 74. a4 Rh3 75. a5 Rh2 76. Rb7+ Kf6 77. Rb6+ Kg7 0-1

[Event "SV Rochade Eving 1 - SV Welper 2"]
[Site "Verbandsklasse, Gruppe 1 2017"]
[Date "2017.11.05"]
[Round "3.2"]
[White "Michalek, Franz"]
[Black "Teich, Udo"]
[Result "1/2-1/2"]
[WhiteElo "1883"]
[BlackElo "1910"]
[PlyCount "47"]
[EventDate "2017.??.??"]

1. d4 d5 2. Nf3 Nf6 3. Bg5 Nbd7 4. e3 e6 5. Bd3 Be7 6. Nbd2 c5 7. c3 Qc7 8. O-O
O-O 9. Rc1 b6 10. Bb1 Bb7 11. Qc2 Bd6 12. Bh4 Rac8 13. Bg3 Rfe8 14. Rcd1 e5 15.
dxe5 Nxe5 16. Qf5 Rcd8 17. Ng5 Bc8 18. Qc2 g6 19. Qa4 h6 20. Ngf3 Kg7 21. Nh4
Bd7 22. Qc2 Bb5 23. Bxe5 Bxe5 24. f4 1/2-1/2

[Event "SV Rochade Eving 1 - SV Welper 2"]
[Site "Verbandsklasse, Gruppe 1 2017"]
[Date "2017.11.05"]
[Round "3.3"]
[White "Sharma, Danesh"]
[Black "Hornung, Ruediger"]
[Result "1-0"]
[WhiteElo "1863"]
[BlackElo "1930"]
[PlyCount "43"]
[EventDate "2017.??.??"]

1. e4 e6 2. d4 d5 3. Nc3 Bb4 4. e5 c5 5. a3 cxd4 6. axb4 dxc3 7. bxc3 Qc7 8.
Qd4 Ne7 9. f4 O-O 10. Nf3 b6 11. Bd2 Bb7 12. Bd3 h6 13. O-O f5 14. h3 a5 15.
Qf2 Ba6 16. b5 Bc8 17. Nd4 Bd7 18. g4 fxg4 19. hxg4 Qc8 20. Rae1 Qe8 21. Qg2
Ra7 22. f5 1-0

[Event "SV Rochade Eving 1 - SV Welper 2"]
[Site "Verbandsklasse, Gruppe 1 2017"]
[Date "2017.11.05"]
[Round "3.4"]
[White "Pahne, Dirk"]
[Black "Leimkuehler, Dirk"]
[Result "1/2-1/2"]
[WhiteElo "1909"]
[BlackElo "1813"]
[PlyCount "62"]
[EventDate "2017.??.??"]

1. e4 d5 2. exd5 Qxd5 3. Nc3 Qd6 4. g3 Nf6 5. Bg2 a6 6. d3 Bg4 7. Nge2 Nc6 8.
f3 Bf5 9. Bg5 h6 10. Be3 e6 11. Qd2 Be7 12. Ne4 Nxe4 13. dxe4 Bg6 14. O-O-O
O-O-O 15. Qxd6 Rxd6 16. Rxd6 cxd6 17. Nf4 Bg5 18. h4 Bxf4 19. Bxf4 e5 20. Bh3+
Kc7 21. Be3 Rd8 22. Rd1 Ne7 23. g4 f6 24. c4 Bf7 25. b3 a5 26. h5 a4 27. Kb2
Ra8 28. Bf1 axb3 29. axb3 b6 30. Ra1 Rxa1 31. Kxa1 Nc6 1/2-1/2